000 00567nam a2200193Ii 4500
003 JO-AjNU
008 230606s9999||||xx |||||||||||||| ||und||
040 _aJO-AjNU
_beng
_erda
_cJO-AjNU
041 _aeng
050 1 4 _aRT52.N4864.2006
100 3 _aSamhoury,Neveen Mansour,
_eauthor
_93679
245 0 0 _aSocialization inti Nursing
264 3 1 _aعمان:مكتبة المجتمع العربي,2006
300 _a95p
336 _atext
_btxt
_2rdacontent
337 _aunmediated
_bn
_2rdamedia
338 _avolume
_bnc
_2rdacarrier
650 4 _aNursing. 
_93680
999 _aE1919
_c1919
_d1919